000 00416cam a22001217a 4500
008 180718b1984 xxu||||| |||| 00| 0 eng d
082 _aR11x54 In7
245 _aSeminar on employment policy
_cby Institute of Aplied Manpower Research, India
260 _aNew Delhi
_bInstitute of Aplied Manpower Research
_c1984
300 _av.p.
650 _aEmployment-India
700 _aIndia. Institute of Aplied Manpower Research
999 _c500926
_d500926